Statistics for Edguy Albums

Click here to take the quiz!

General Stats

  • This quiz has been taken 11 times
  • The average score is 8 of 11

Answer Stats

YearAlbum% Correct
2014Space Police: Defenders of the Crown
89%
2011Age of the Joker
78%
1995Savage Poetry
78%
2000The Savage Poetry
78%
2004Hellfire Club
67%
2001Mandrake
67%
2006Rocket Ride
67%
1998Vain Glory Opera
67%
1997Kingdom of Madness
56%
1999Theater of Salvation
56%
2008Tinnitus Sanctus
56%

Score Distribution

Percentile by Number Answered

Percent of People with Each Score

Your Score History

You have not taken this quiz